|
|
|
|
| LEADER |
00851nab a2200217 i 4500 |
| 001 |
misc62672 |
| 005 |
20230124104301.0 |
| 008 |
220412s1968 hu o 0|| ger d |
| 040 |
|
|
|a SZTE Miscellanea Repozitórium
|b hun
|
| 041 |
|
|
|a ger
|
| 100 |
1 |
|
|a Hazai György
|
| 245 |
1 |
0 |
|a Probleme und Aufgaben der Balkan-Turkologie
|h [elektronikus dokumentum] :
|b sprachwissenschaft /
|c Hazai György
|
| 260 |
|
|
|a Académie Bulgare des Sciences
|b Sofiâ
|c 1968
|
| 300 |
|
|
|a 95-100
|c 23 cm
|
| 490 |
0 |
|
|a Actes du Premier Congrès International des Études Balkaniques et Sud-Est Européennes
|
| 561 |
|
|
|a Németh Gyula hagyaték
|
| 591 |
|
|
|a NOA 2272
|
| 650 |
|
4 |
|a Bölcsészettudományok
|
| 650 |
|
4 |
|a Nyelvek és irodalom
|
| 695 |
|
|
|a Turkológia, Török nyelvek - Balkán
|
| 856 |
4 |
0 |
|u http://misc.bibl.u-szeged.hu/62672/1/2272_noa_h46.pdf
|z Dokumentum-elérés
|